000 00616nam a2200205Ia 4500
005 20250923145416.0
008 008 250917s9999 xx 000 0 eng d
037 _aTextual
040 _aDSWL
_beng
_cDSWL
041 _aeng
_2eng
084 _aX79E.2.N86-N74+5, N77
_qDSWL
100 _aGupta, A.P.
_9834998
245 0 _aFiscal policy for employment generatic in India
_c by A.P. Gupta
260 _aNew Delhi
_b Tata McGraw Hill
_c1977
300 _axiv,142 p.
365 _aINR
_b39 . 0
925 _g39 . 0
942 _cTEXL
_hX79E.2.N86-N74+5, N77
999 _c1450999
_d1450999